| 000 | 00375 a2200121 4500 | ||
|---|---|---|---|
| 001 | ART_46235 | ||
| 005 | 20260410162018.0 | ||
| 008 | 260409a | ||
| 245 | 1 | 0 | _aProtección de la vivienda |
| 100 | 1 | _aMerlo, Leandro M. | |
| 700 | 1 | _aRossi, Jorge O. | |
| 773 | 0 |
_tTemas de derecho de familia, sucesiones y bioética _g- Año 3, N° 3 (mar. 2018) _wREV41029 |
|
| 999 |
_c32824 _d32824 |
||